Planificación y análisis de la calidad (Registro nro. 2707)
[ vista simple ]
| 000 -LEADER | |
|---|---|
| fixed length control field | 02065 a2200229 4500 |
| 001 - CONTROL NUMBER | |
| control field | 37115 |
| 005 - DATE AND TIME OF LATEST TRANSACTION | |
| control field | 20260407155641.0 |
| 008 - FIXED-LENGTH DATA ELEMENTS--GENERAL INFORMATION | |
| fixed length control field | 260407a1977 arg spa d |
| 003 - CONTROL NUMBER IDENTIFIER | |
| control field | AR-UNSa-BCEJYS |
| 040 ## - CATALOGING SOURCE | |
| Original cataloging agency | AR-UNSa-BCEJYS |
| Language of cataloging | spa |
| Transcribing agency | AR-UNSa-BCEJYS |
| 080 ## - UNIVERSAL DECIMAL CLASSIFICATION NUMBER | |
| Universal Decimal Classification number | 658.56 |
| Common auxiliary subdivision | Control de la calidad. Control de herramientas y material |
| 100 1# - MAIN ENTRY--PERSONAL NAME | |
| Personal name | Juran, J.M. |
| 245 10 - TITLE STATEMENT | |
| Title | Planificación y análisis de la calidad |
| 264 #1 - PRODUCTION, PUBLICATION, DISTRIBUTION, MANUFACTURE, AND COPYRIGHT NOTICE | |
| Place of production, publication, distribution, manufacture | Barcelona : |
| Name of producer, publisher, distributor, manufacturer | Reverté |
| Date of production, publication, distribution, manufacture, or copyright notice | 1977 |
| 300 ## - PHYSICAL DESCRIPTION | |
| Extent | 736 p. |
| Dimensions | 22 cm. |
| 505 ## - FORMATTED CONTENTS NOTE | |
| Formatted contents note | 1. Conceptos básicos.Definiciones terminologicas - 2. Historia del control de la calidad - 3. Política y objetivos de calidad - 4. Aspectos económicos de la calidad - 5. Medición y análisis del coste de la calidad - 6. Conceptos estdísticos de variación - 7. Organización de la calidad - 8. Diseño y efectividad de un sistema - 9. Fiabilidad y mantenibilidad - 10. Aplicaciones estadísticas a la fiabilidad - 11. Métodos estadísticos aplicados a la planificación y análisis de ensayos - 12. Normas de calidad - 13. Métodos estadísticos aplicados a la fijación de límites y tolerancias - 14. Planificación de la fabricación en función de la calidad - 15. Planificación de la fabricación por métodos estadísticos - 16. Inspección - 17. Muestreo de aceptación - 18. Medidción - 19. Relaciones con los proveedores - 20. La estadística y las relaciones con los proveedores - 21. Control de procesos - 22. Motivación de la calidad - 23. Técnicas de control de procesos - 24. Aceptación de productos terminados - 25. Control de la calidad del producto - 26. Relaciones con el cliente - 27. El análisis estadístico en las relaciones con los clientes - 28. Auditoría de la calidad - 29. Sistemas de datos de la calidad y manuales de la calidad - 30. Técnicas de diagnosis para la mejora de la calidad - 31. Ingeniería del control de la calidad - Apéndice. |
| 590 ## - LOCAL NOTE (RLIN) | |
| Local note | niveau_biblio:m niveau_hierar:0 |
| 700 1# - ADDED ENTRY--PERSONAL NAME | |
| Personal name | Gryna, Frank M. |
| 700 1# - ADDED ENTRY--PERSONAL NAME | |
| Personal name | Warleta de la Quintana, Ismael |
| 700 1# - ADDED ENTRY--PERSONAL NAME | |
| Personal name | Vallhonrat Bou, José Maria |
| 942 ## - ADDED ENTRY ELEMENTS (KOHA) | |
| Koha item type | |
| Withdrawn status | Lost status | Damaged status | Not for loan | Home library | Current library | Shelving location | Date acquired | Total checkouts | Full call number | Barcode | Date last seen | Price effective from | Koha item type |
|---|---|---|---|---|---|---|---|---|---|---|---|---|---|
| Biblioteca Prof. Eusebio Cleto del Rey | Biblioteca Prof. Eusebio Cleto del Rey | 07/04/2026 | 658.56 J91 | L45290 | 07/04/2026 | 07/04/2026 | Libro | ||||||
| Biblioteca Prof. Eusebio Cleto del Rey | Biblioteca Prof. Eusebio Cleto del Rey | 07/04/2026 | 658.56 J91 | L45293 | 07/04/2026 | 07/04/2026 | Libro | ||||||
| Biblioteca Prof. Eusebio Cleto del Rey | Biblioteca Prof. Eusebio Cleto del Rey | 07/04/2026 | 658.56 J91 | L45292 | 07/04/2026 | 07/04/2026 | Libro | ||||||
| Biblioteca Prof. Eusebio Cleto del Rey | Biblioteca Prof. Eusebio Cleto del Rey | 07/04/2026 | 658.56 J91 | L45291 | 07/04/2026 | 07/04/2026 | Libro |